000 00898nam a22002297a 4500
005 20240530110601.0
008 160905s1997 ua ahkff b 001 0 ara d
040 _aEG-CaGPL
082 0 4 _221
_a953.07393
_bق/ ع خ
100 0 _a عاصم محمد رزق .
245 1 0 _aخانقاوات الصوفية فى مصر :
_bفي العصرين الايوبي و المملوكي/
_cتاليف عاصم محمد رزق .
250 _aط1 .
260 _aالقاهرة :
_bمكتبة مدبولي ،
_c1997 .
300 _a2 ج .
_bايض ؛
_c24سم .
490 0 _aصفحات من تاريخ مصر ؛
_v31
504 _aيشتمل على ارجاعات ببليوجرافيه
650 0 4 _aالتصوف
_xتاريخ
_zمصر
651 0 4 _aمصر
_xتاريخ
_yالعصر الايوبى
651 0 4 _aمصر
_xتاريخ
_yعصر المماليك
942 _2ddc
_cBK
999 _c62661
_d62661